000 00962nam a22002897a 4500
001 6159
003 FISKH
005 20250321084229.0
008 250321b cb ||||| |||| 00| 0 eng d
020 _a9780805073997
040 _aFISKH
_beng
_cFISKH
_dFISKH
050 _aPZ7.C67759 U
082 _a813.54
100 _aCollier, Bryan
245 _aUptown /
_cBryan Collier
250 _aFirst Square Fish Edition: November 2012
260 _aNew York :
_bHenry Holt,
_c2000.
300 _a30 unnumbered pages ;
_bcolor illustrations ;
_c26 cm
505 _aO
520 _aA tour of the sights of Harlem, including the Metro-North Train, brownstones, shopping on 125th Street, a barber shop, summer basketball, the Boy's Choir, and sunset over the Harlem River.
521 8 _a620
_bLexile AD
521 8 _aO
_bRaz-Plus
650 _aAfrican Americans
_vAward Winner
650 _aMulticultural
942 _2ddc
_cBK
_n0
999 _c6159
_d6159